| 000 | 00677na a2200229 4500 | ||
|---|---|---|---|
| 001 | 16809 | ||
| 003 | MIRAKIL | ||
| 005 | 20181213154959.0 | ||
| 008 | 161017b tu 000 0 | ||
| 020 | _a9789757978367 | ||
| 040 |
_aMilas _btur _cTR-AnCHP |
||
| 041 | _atur | ||
| 082 |
_a346.077 _bK25b 2011 |
||
| 090 | _a346.077 K25b 2011 | ||
| 110 | _aKanunlar Genel Müdürlüğü | ||
| 245 |
_aBorçlar kanunundan Türk Borçlar Kanununa _cKanunlar Genel Müdürlüğü |
||
| 260 |
_aAnkara _bAdalet Bakanlığı _c2011 |
||
| 300 |
_avi, 742 s. _btbl. _c24 sm. |
||
| 650 |
_aBorçlar _xHukuk ve mevzuat _zTürkiye |
||
| 650 |
_aBorçlar Kanunu _zTürkiye |
||
| 942 |
_2ddc _cBKS |
||
| 999 |
_c4260 _d4260 |
||